Porovnateľnosť verzus konzistentnosť prezentácie informácií v účtovnej závierke

Účtovná závierka - vymedzenie základných postulátov. Porovnateľnosť ako kvalitatívna charakteristika informácií z účtovnej závierky. Porovnateľnosť a konzistentnosť ako účtovné zásady - prístup v IFRS, prístup v SR.

Guardado en:
Detalles Bibliográficos
Autor principal: Šlosárová, Anna
Formato: Capítulo de libro
Lenguaje:eslovaco
Materias:
Etiquetas: Agregar Etiqueta
Sin Etiquetas, Sea el primero en etiquetar este registro!

MARC

LEADER 00000nla$a2200000$$$4500
001 0088388
005 20240502072006.0
041 0 |a slo 
044 |a SK 
245 1 0 |a Porovnateľnosť verzus konzistentnosť prezentácie informácií v účtovnej závierke  |c Anna Šlosárová 
520 |a Účtovná závierka - vymedzenie základných postulátov. Porovnateľnosť ako kvalitatívna charakteristika informácií z účtovnej závierky. Porovnateľnosť a konzistentnosť ako účtovné zásady - prístup v IFRS, prístup v SR. 
610 2 0 |a účtovníctvo 
610 2 0 |a závierka účtovná 
610 2 0 |a informácie 
610 2 0 |a kvalita 
610 2 0 |a metódy účtovné 
100 1 |a Šlosárová, Anna